| 000 | 02940cam a2200349 a 4500 | ||
|---|---|---|---|
| 001 | 17474879 | ||
| 003 | OSt | ||
| 005 | 20230329115101.0 | ||
| 008 | 120924s2014 mdua b 001 0 eng | ||
| 010 | _a 2012038966 | ||
| 020 | _a9781451128338 | ||
| 035 | _a(DNLM)101592709 | ||
| 040 |
_aDNLM/DLC _cLC _dDLC |
||
| 042 | _apcc | ||
| 050 | 0 | 0 | _aRT82.H87 |
| 060 | 1 | 0 | _aWY 16 |
| 082 | 0 | 0 |
_a610.73 _223 |
| 100 | 1 |
_aHuston, Carol Jorgensen. _9900 |
|
| 245 | 1 | 0 |
_aProfessional issues in nursing: challenges & opportunities. / _cCarol J. Huston. |
| 250 | _a3rd ed. | ||
| 260 |
_aBaltimore, MD: _bWolters Kluwer Health/Lippincott Williams & Wilkins, _c2014. |
||
| 300 |
_ax, 416 p. : _bill. ; _c23 cm. |
||
| 504 | _aIncludes bibliographical references and index. | ||
| 505 | 0 | _aContents: Entry into practice: the debate rages on / Carol Huston -- Evidence based practice / Suzanne Prevost -- Developing effective leaders to meet 21st century healthcare challenges / Bernadette Mazurek Melnyk, Kathy Malloch, and Lynn Gallagher-Ford -- Using simulation to teach nurses / Sherry D. Fox and Rebekah Damazo -- The current nursing shortage: causes, consequences, and solutions / Carol Huston -- Importing foreign nurses / Carol Huston -- Unlicensed assistive personnel and the registered nurse / Carol Huston -- Socialization and mentoring / Jeanne Madison -- Diversity in the nursing workforce / Carol Huston -- New graduate RN transition to practice programs(Nurse residencies) / Deloras Jones and Nikki West -- Mandatory minimum staffing ratios: are they working? / Carol Huston -- Mandatory overtime in nursing: how much? how often? / Carol Huston -- Violence in nursing: the expectations and the reality / Charmaine Hockley -- Technology in the health care workplace: benefits, limitations, and challenges / Carol Huston -- Medical errors: an ongoing threat to quality health care / Carol Huston -- Whistle-blowing in nursing / Carol Huston -- Impaired nursing practice: what are we doing about it? / Jennifer Lillibridge -- Collective bargaining and the professional nurse / Carol Huston -- Assuring provider competence through licensure, continuing education, and certification / Carol Huston -- The nursing profession's historic struggle to increase its power base / Carol Huston -- Professional identity and image / Carol Huston -- Advanced practice nursing: the latest issues and trends / Margaret Rowberg -- Nursing, policy, and politics: understanding the connection and importance of getting involved / Donna M. Nickitas -- Nursing's professional associations / Marjorie Beyers. | |
| 650 | 1 | 2 |
_aNursing _xtrends _zUnited States. _91104 |
| 650 | 2 | 2 |
_aEthics, Nursing _zUnited States. _9520 |
| 650 | 2 | 2 |
_aNurse's Role _zUnited States. _91105 |
| 650 | 2 | 2 |
_aNursing _xmanpower _zUnited States. _91106 |
| 650 | 2 | 2 |
_aProfessional Competence _zUnited States. _91107 |
| 906 |
_a7 _bcbc _corignew _d1 _eecip _f20 _gy-gencatlg |
||
| 942 |
_2lcc _cBK |
||
| 999 |
_c9478 _d16978 |
||